Forward pass? (Record no. 76286)

MARC details
000 -LEADER
fixed length control field 00965cab a2200181 4500
001 - CONTROL NUMBER
control field ##L131900
008 - FIXED-LENGTH DATA ELEMENTS--GENERAL INFORMATION
fixed length control field 051214n2005 000 0 eng u
035 ## - SYSTEM CONTROL NUMBER
System control number (Sirsi) u131900
041 0# - LANGUAGE CODE
Language code of text/sound track or separate title eng
100 1# - MAIN ENTRY--PERSONAL NAME
Personal name Thompson, Max
245 00 - TITLE STATEMENT
Title Forward pass?
260 ## - PUBLICATION, DISTRIBUTION, ETC.
Date of publication, distribution, etc. 2005
490 #0 - SERIES STATEMENT
Series statement QS Week
Volume/sequential designation (34) 14 December 2005, 14-15(2)
520 ## - SUMMARY, ETC.
Summary, etc. Examines the possible implications for the construction industry of the proposed incorporation of the Welsh Development Agency into the Welsh Assembly. Fears have been expressed by some in the industry about the effectiveness of the Assembly, and there is a perception that it is biased against the private sector, particularly PFI and PPP projects. Others, however, regard the merger as a positive step, leading to investment becoming more streamlined and efficient. Also contains 12 month tables for projects and firms in Wales.
590 ## - LOCAL NOTE (RLIN)
Local note IKA030106
690 ## - LOCAL SUBJECT ADDED ENTRY--TOPICAL TERM (OCLC, RLIN)
Topical term or geographic name as entry element BUILT ENVIRONMENT-CONSTRUCTION MARKET
942 ## - ADDED ENTRY ELEMENTS (KOHA)
Suppress in OPAC 0
Holdings
Withdrawn status Lost status Source of classification or shelving scheme Damaged status Not for loan Home library Current library Shelving location Date acquired Total Checkouts Full call number Barcode Date last seen Copy number Price effective from Koha item type
    Dewey Decimal Classification     London London Journal article 15/12/2005   L131900 131900-1001 06/08/2019 1 06/08/2019 Journal article